Najgorszy klub piłkarski w każdym europejskim państwie - Statystyki

Ogólne statystyki
  • Ten quiz został rozwiązany 5 razy
  • Średni wynik to 12 z 54
Statystyki odpowiedzi
Państwo Klub % Poprawnych
Anglia Southampton
80%
Polska Stal Mielec
80%
Bułgaria Hebar
40%
Wyspy Owcze 07 Vestur Sorvagur
20%
Walia Aberystwyth
20%
Turcja Adana Demirspor
20%
Holandia Almere City
20%
Austria Altach
20%
Słowacja Banska Bystrica
20%
Belgia Beerschot VA
20%
Irlandia Cork City
20%
Czechy Czeskie Budziejowice
20%
Litwa Dainava Alytus
20%
Słowenia Domžale
20%
Andora Esperanca
20%
Gibraltar Europa Point
20%
Rosja Fakieł Woroneż
20%
Portugalia Farense
20%
Kosowo Feronikeli
20%
Mołdawia Florești
20%
Armenia Gandzasar
20%
Rumunia Gloria Buzau
20%
Finlandia Gnistan
20%
Łotwa Grobina
20%
Islandia Hafnarfjordur
20%
Izrael Hapoel Hadera
20%
Norwegia Haugesund
20%
Niemcy Holstein Kiel
20%
Ukraina Inhułeć
20%
Serbia Jedinstvo Ub
20%
Węgry Kecskemeti
20%
Gruzja Kolkheti 1913
20%
Albania Laci
20%
Grecja Lamia
20%
Irlandia Północna Loughgall
20%
Malta Melita
20%
Białoruś Molodechno
20%
Luksemburg Mondercange
20%
Francja Montpellier
20%
Włochy Monza
20%
Cypr Omonia 29th May
20%
Czarnogóra Otrant
20%
San Marino Pennarossa
20%
Hiszpania Real Valladolid
20%
Azerbejdżan Sabail
20%
Chorwacja Sibenik
20%
Bośnia i Hercegowina Sloboda
20%
Szkocja St. Johnstone
20%
Estonia Tammeka Kalev
20%
Kazachstan Ulytau
20%
Szwecja Värnamo
20%
Dania Vejle
20%
Macedonia Północna Voska Sport
20%
Szwajcaria Wintherthur
20%
Nie znaleziono quizów pasujących do podanych kryteriów
Rozkład punktacji
Procent ludzi z każdym wynikiem
Percentyl według liczby udzielonych odpowiedzi
Twoja historia wyników
Nie rozwiązałeś tego quizu